000 00337nam a22001337a 4500
020 _a9781560327332
040 _cNust
082 _a620.106
_bGRA
100 _aWilliam Graebel
_9127640
245 _aEngineering Fluid Mechanics
260 _aUSA:
_bCRC Press,
_c2001.
650 _aEngineering Fluid Mechanics
_9114500
942 _2ddc
_cBK
999 _c612709
_d612709